Central Library OPAC University of Rajshahi

Morphological analysis of land forms : (Record no. 75161)

MARC details
000 -LEADER
fixed length control field 00956cam a2200277 a 4500
001 - CONTROL NUMBER
control field 75161
003 - CONTROL NUMBER IDENTIFIER
rucl marc code BD-RjUL
005 - DATE AND TIME OF LATEST TRANSACTION
control field 20211209082644.0
008 - FIXED-LENGTH DATA ELEMENTS--GENERAL INFORMATION
fixed length control field 851211s1953 enkaf b 001 0 eng d
035 ## - SYSTEM CONTROL NUMBER
System control number (BD-RjUL)75379
System control number 891275
040 ## - CATALOGING SOURCE
Original cataloging agency NUN
Language of cataloging eng
Transcribing agency NUN
Modifying agency ABN-SNR
041 1# - LANGUAGE CODE
Language code of text/sound track or separate title eng
-- ger
082 04 - DEWEY DECIMAL CLASSIFICATION NUMBER
Classification number 551.8
Edition number 23
Author mark and year PEM 1953
100 1# - MAIN ENTRY--PERSONAL NAME
Personal name Penck, Walther,
Dates associated with a name 1888-1923.
9 (RLIN) 227417
245 10 - TITLE STATEMENT
Title Morphological analysis of land forms :
Remainder of title a contribution to physical geology /
Statement of responsibility, etc. by Walther Penck ; translated by Hella Czech and Katherine Cumming Boswell.
260 ## - PUBLICATION, DISTRIBUTION, ETC. (IMPRINT)
Place of publication, distribution, etc. London :
Name of publisher, distributor, etc. Macmillan,
Date of publication, distribution, etc. 1953.
300 ## - PHYSICAL DESCRIPTION
Pagination xiv, 429 p., [9] leaves of plates :
Illustrations ill. ;
Size 22 cm.
500 ## - GENERAL NOTE
General note Translation of Die morphologische Analyse.
504 ## - BIBLIOGRAPHY, ETC. NOTE
Bibliography, etc Includes bibliographical references and index.
650 #0 - SUBJECT ADDED ENTRY--TOPICAL TERM
Topical term or geographic name as entry element Geology, Structural.
9 (RLIN) 227418
942 ## - ADDED ENTRY ELEMENTS (KOHA)
Source of classification or shelving scheme Dewey Decimal Classification
Koha item type Books
Holdings
Lost status Source of classification or shelving scheme Damaged status Not for loan Collection code Permanent Location Current Location Shelving location Date acquired Total Checkouts Full call number Date last seen Copy number Koha item type
  Dewey Decimal Classification   Not For Loan Non-fiction Central Library, University of Rajshahi Central Library, University of Rajshahi Reading Room 27/01/2019   551.8 PEM 1953 27/01/2019 C-1 Books